000 00370nam a22001577a 4500
003 MACL
005 20151121140815.0
008 151121b xxu||||| |||| 00| 0 eng d
040 _cMACL
041 _aEnglish
082 _a320/DES
100 _aDeshpande,G.P.
_917647
245 _aTalking the Political Culturally
650 _aPolitical
_917753
942 _2ddc
_cBK
999 _c50828
_d50828